Loading...
| Mythology | 0 | 3 | 1 | 0 | 25 | 84 | 91.00 | 0 | 0 |
| Literature - British Literature | 0 | 2 | 0 | 1 | 20 | 78 | 108.50 | 0 | 1 |
| Science - Biology | 0 | 2 | 1 | 1 | 15 | 69 | 91.00 | 0 | 0 |
| Fine Arts - Other Fine Arts | 0 | 1 | 0 | 1 | 10 | 133 | 133.00 | 0 | 0 |
| Fine Arts - Visual Fine Arts | 0 | 1 | 0 | 0 | 10 | 52 | 52.00 | 0 | 1 |
| Literature - American Literature | 0 | 1 | 0 | 0 | 10 | 130 | 130.00 | 0 | 0 |
| Science - Chemistry | 0 | 1 | 0 | 0 | 10 | 94 | 94.00 | 0 | 0 |
| Literature - European Literature | 0 | 0 | 1 | 0 | -5 | 0.00 | 0 | 0 | |
| History - Other History | 0 | 0 | 1 | 0 | -5 | 0.00 | 0 | 0 | |
| Literature - World/Other Literature | 0 | 0 | 1 | 0 | -5 | 0.00 | 0 | 0 |